Problems encountered by Sanyang Motors in San Jose, Rodriguez, Rizal/ (Record no. 77855)
[ view plain ]
| 000 -LEADER | |
|---|---|
| fixed length control field | 01617nam a22002537a 4500 |
| 003 - CONTROL NUMBER IDENTIFIER | |
| control field | URS |
| 005 - DATE AND TIME OF LATEST TRANSACTION | |
| control field | 20240416181807.0 |
| 008 - FIXED-LENGTH DATA ELEMENTS--GENERAL INFORMATION | |
| fixed length control field | 240228b |||||||| |||| 00| 0 eng d |
| 050 OO - LIBRARY OF CONGRESS CALL NUMBER | |
| Classification number | LG 221.R59 N899 |
| Item number | 2014 |
| 100 1# - MAIN ENTRY--PERSONAL NAME | |
| Personal name | Nuguid, Regine B. |
| Relator term | Researcher |
| 245 10 - TITLE STATEMENT | |
| Title | Problems encountered by Sanyang Motors in San Jose, Rodriguez, Rizal/ |
| Statement of responsibility, etc. | Regine B. Nuguid [and] Jovilyn D. Roslin |
| 260 #1 - PUBLICATION, DISTRIBUTION, ETC. | |
| Date of publication, distribution, etc. | 2014 |
| 300 ## - PHYSICAL DESCRIPTION | |
| Extent | viii, 44 leaves |
| Other physical details | illustrations |
| Dimensions | 28 cm |
| 336 ## - CONTENT TYPE | |
| Source | rdacontent |
| Content type term | text |
| 337 ## - MEDIA TYPE | |
| Source | rdamedia |
| Media type term | unmediated |
| 338 ## - CARRIER TYPE | |
| Source | rdacarrier |
| Carrier type term | volume |
| 502 ## - DISSERTATION NOTE | |
| Dissertation note | Undergraduate Thesis |
| Degree type | Bachelor of Science in Business Administration Major in Marketing Management |
| Name of granting institution | University of Rizal System Rodriguez, Rizal |
| Year degree granted | 2014 |
| 520 ## - SUMMARY, ETC. | |
| Summary, etc. | The study was undertaken to determine the problems encountered by Sanyang Motors in San Jose, Rodriguez Rizal The subjects of the study were thirty (30) employees of the company. During the Second Semester since 2013-2014. The study made use of descriptive method of research utilizing questionnaire checklist which is divided in two parts first is the profile of respondents and the second part is the different problems encountered. The questionnaire-checklist is divided into two parts. The first part includes the profile of the respondents in terms of sex, civil status, position, and length of service, estimated monthly sales. |
| 650 ## - SUBJECT ADDED ENTRY--TOPICAL TERM | |
| Source of heading or term | undergraduate thesis |
| 700 ## - ADDED ENTRY--PERSONAL NAME | |
| Personal name | Jovilyn d. Roslin |
| Relator term | Researcher |
| 700 ## - ADDED ENTRY--PERSONAL NAME | |
| Personal name | Elsa Mia G. Madriaga |
| Relator term | Adviser |
| 856 ## - ELECTRONIC LOCATION AND ACCESS | |
| Materials specified | Online Request for Student Unpublished Works |
| Uniform Resource Identifier | <a href="https://forms.gle/7LqvGGkaDrUQqz429">https://forms.gle/7LqvGGkaDrUQqz429</a> |
| 942 ## - ADDED ENTRY ELEMENTS (KOHA) | |
| Source of classification or shelving scheme | Library of Congress Classification |
| Koha item type | Theses and dissertations |
No items available.